01161nam a2200289Ia 4500999001500000001000900015003000600024005001700030008004100047020001500088040001800103050002300121082001900144100002200163245016500185250001900350250001200369260003200381300003800413500011700451504005200568650004700620650003800667710003000705942001200735952012400747 c1277d127755214442OCoLC20180910155107.0040519s2001 ii b 001 0 eng d a8172143915 aTWVcTWVdMZN 0aBR128.H5bB43 1997 a261.24bB5753L1 aBharati, Dayanand10aLiving water and Indian bowl :ban analysis of Christian failings in communicating Christ to Hindus, with suggestions toward improvements /cby Dayanand Bharati a[2nd rev. ed.] areprint aDelhi :bISPCK,c2001c2004 axix, 264 p. ;axix, 262p.;c22 cm a"With the synopsis of: The spontaneous expansion of the Church and the causes which hinder it, by Roland Allen." aIncludes bibliographical references and indexes 0aChristianity and other religionsxHinduism 0aHinduismxRelationsxChristianity2 aI.S.P.C.K. (Organization) 2ddccBK 00102ddc40708NFICaHMCbHMCcGENd2018-09-10g150.00l0o261.24 B5753Lp002808r2018-09-10 00:00:00w2018-09-10yBK